TEXT BOOK OF MASS COMMUNACTION MEDIA (Record no. 9096)
[ view plain ]
| 000 -LEADER | |
|---|---|
| fixed length control field | 00352nam a2200145Ia 4500 |
| 003 - CONTROL NUMBER IDENTIFIER | |
| control field | OSt |
| 005 - DATE AND TIME OF LATEST TRANSACTION | |
| control field | 20240229150406.0 |
| 008 - FIXED-LENGTH DATA ELEMENTS--GENERAL INFORMATION | |
| fixed length control field | 170524s9999 xx 000 0 und d |
| 020 ## - INTERNATIONAL STANDARD BOOK NUMBER | |
| International Standard Book Number | 978-8126102174 |
| 040 ## - CATALOGING SOURCE | |
| Transcribing agency | IIMT UNIVERSITY, MEERUT |
| 100 ## - MAIN ENTRY--PERSONAL NAME | |
| Personal name | JOSHI UMA |
| 245 #0 - TITLE STATEMENT | |
| Title | TEXT BOOK OF MASS COMMUNACTION MEDIA |
| 260 ## - PUBLICATION, DISTRIBUTION, ETC. | |
| Name of publisher, distributor, etc. | ANMOL PUB. |
| 942 ## - ADDED ENTRY ELEMENTS (KOHA) | |
| Source of classification or shelving scheme | |
| Koha item type | Book Bank |
| Withdrawn status | Lost status | Source of classification or shelving scheme | Damaged status | Not for loan | Home library | Current library | Date acquired | Total Checkouts | Full call number | Barcode | Date last seen | Date last checked out | Uniform Resource Identifier | Price effective from | Koha item type |
|---|---|---|---|---|---|---|---|---|---|---|---|---|---|---|---|
| IIMT University Central Library Meerut | IIMT University Central Library Meerut | 05/30/2017 | 4 | R | 01-B-94016 | 09/22/2018 | 09/12/2018 | Journalism and Mass Communication | 05/30/2017 | Reference Book |

